|
|
|
|
| LEADER |
00954nam a2200241 a 4500 |
| 001 |
000652564 |
| 003 |
CZ BrMZK |
| 005 |
20100820141213.0 |
| 008 |
030208s1970 xo f cze d |
| 040 |
|
|
|a BOA001
|b cze
|c BOA001
|
| 080 |
|
|
|a 621.87:620.9
|2 MRF
|
| 080 |
|
|
|a 621.86:620.9
|2 MRF
|
| 100 |
1 |
|
|a Jandouš, Václav
|7 jx20040610002
|4 aut
|
| 245 |
1 |
0 |
|a Mechanizační prostředky v energetice dopravy /
|c Václav Jandouš
|
| 250 |
|
|
|a 4., přeprac. vyd.
|
| 260 |
|
|
|a Bratislava :
|b Alfa,
|c 1970
|
| 300 |
|
|
|a 524 s.
|
| 490 |
1 |
|
|a Dočasné vysokoškolské učebnice
|
| 710 |
2 |
|
|a Vysoká škola dopravná v Žiline.
|b Strojnícka a elektrotechnická fakulta
|7 ko2004231770
|
| 810 |
2 |
|
|a Vysoká škola dopravná v Žiline.
|b Strojnícka a elektrotechnicka fakulta.
|t Dočasné vysokoškolské učebnice
|
| 910 |
|
|
|a BOA001
|b TK-A-0145.861-70
|
| 990 |
|
|
|a BK
|
| 996 |
6 |
|
|b BC-77336
|c TK-A-0145.861-70
|l MZK
|r Sklad / do 24 hodin
|n 0
|w 000652564
|u 000010
|a 1
|e BOA001
|j MZK50
|s P
|